Most Important Rivers - Statistics

General Stats
  • This quiz has been taken 53 times
  • The average score is 9 of 10
Answer Stats
Clue River % Correct
Longest river in the world The Nile
100%
Extremely long river placed in Eastern South America Amazon River
98%
Second longest river in North America, running north from the Southern United States Mississippi
96%
River that was the birth of Chinese civilization Yellow River
94%
Longest River in China Yangtze
92%
One of two rivers that formed the cradle of civilization Euphrates
90%
Longest River in the United States Missouri River
85%
Long river in India sacred to Hindus Ganges
83%
River going through Switzerland, Germany, and the Netherlands Rhine
81%
Longest river in Russia Lena
46%
No matching quizzes found
Score Distribution
Percent of People with Each Score
Percentile by Number Answered
Your Score History
You have not taken this quiz